Tia chớp giữa bầu trời

Gardado en:
Detalles Bibliográficos
Autor Principal: Lê Thành Chơn
Formato: Libro
Idioma:Undetermined
Publicado: Tp. HCM Trẻ 2002
Những chủ đề:
Các nhãn: Engadir etiqueta
Sen Etiquetas, Sexa o primeiro en etiquetar este rexistro!
Thư viện lưu trữ: Trung tâm Học liệu Trường Đại học Cần Thơ
LEADER 00482nam a2200181Ia 4500
001 CTU_53568
008 210402s9999 xx 000 0 und d
020 |b 27000 
082 |a 895.9228 
082 |b Ch464 
100 |a Lê Thành Chơn 
245 0 |a Tia chớp giữa bầu trời 
245 0 |c Lê Thành Chơn 
260 |a Tp. HCM 
260 |b Trẻ 
260 |c 2002 
650 |a vietnamese fiction 
980 |a Trung tâm Học liệu Trường Đại học Cần Thơ